00691nam a2200193 i 450000100060000000300090000600500170001500700030003200800410003510000200007624501170009625000120021326000420022530000350026770000360030285200220033899900170036095201200037762234ES-MaACL20230906164630.0t|031119s1922 sp ||||1| spa d1 aFeer, E.94908810aTratado de enfermedades de los niños / cbajo la dirección de E. Feer ; traducido por Francisco Tous Biaggi. a6ª ed. aBarcelona : bManuel Marín, c1922. aXVI, 868 p. : bil. ; c24 cm.1 aTous Biaggi, Francisco.9111157 aES-MaACLjB-11562 c62234d62234 00104070aATENEOMbATENEOMcSPBd2008-01-17eSCl0oB-11562p1065243r2023-02-23 00:00:00w2023-02-23yMONOGRAFIA